Your Guide to Perpetual Youth: Age Protectors Stop Aging Now (Record no. 220822)
[ view plain ]
| 000 -LEADER | |
|---|---|
| fixed length control field | 00870nam a22002177a 4500 |
| 005 - DATE AND TIME OF LATEST TRANSACTION | |
| control field | 20211127123655.0 |
| 008 - FIXED-LENGTH DATA ELEMENTS--GENERAL INFORMATION | |
| fixed length control field | 211127b ||||| |||| 00| 0 eng d |
| 020 ## - INTERNATIONAL STANDARD BOOK NUMBER | |
| International Standard Book Number | 0875964540 |
| 040 ## - CATALOGING SOURCE | |
| Transcribing agency | AL |
| 082 ## - DEWEY DECIMAL CLASSIFICATION NUMBER | |
| Edition number | 23 |
| Classification number | 612.68 |
| Item number | CLAY |
| 100 ## - MAIN ENTRY--PERSONAL NAME | |
| Personal name | Edward Claflin |
| 100 ## - MAIN ENTRY--PERSONAL NAME | |
| 9 (RLIN) | 10951 |
| 245 ## - TITLE STATEMENT | |
| Title | Your Guide to Perpetual Youth: Age Protectors Stop Aging Now |
| 260 ## - PUBLICATION, DISTRIBUTION, ETC. | |
| Place of publication, distribution, etc. | Mumbai |
| Name of publisher, distributor, etc. | Rajendra Publishing House Pvt Ltd |
| Date of publication, distribution, etc. | 1998 |
| 300 ## - PHYSICAL DESCRIPTION | |
| Extent | xi,548p. |
| Other physical details | HB |
| Dimensions | 23x17 cm. |
| 520 ## - SUMMARY, ETC. | |
| Summary, etc. | A natural approach to coping with the effects of aging presents a variety of simple, realistic, and practical strategies designed to help one look and feel younger and live a healthy, disease-free lifestyle. 15,000 first printing. |
| 650 ## - SUBJECT ADDED ENTRY--TOPICAL TERM | |
| Topical term or geographic name entry element | Aging Prevention |
| 9 (RLIN) | 10952 |
| 650 ## - SUBJECT ADDED ENTRY--TOPICAL TERM | |
| Topical term or geographic name entry element | Longevity Popular Works |
| 9 (RLIN) | 10953 |
| 650 ## - SUBJECT ADDED ENTRY--TOPICAL TERM | |
| Topical term or geographic name entry element | Superfoods |
| 9 (RLIN) | 10954 |
| 700 ## - ADDED ENTRY--PERSONAL NAME | |
| Personal name | CLAFLIN (Edward) |
| 9 (RLIN) | 10955 |
| 942 ## - ADDED ENTRY ELEMENTS (KOHA) | |
| Source of classification or shelving scheme | Dewey Decimal Classification |
| Koha item type | George Fernandes Collections |
| Withdrawn status | Lost status | Source of classification or shelving scheme | Damaged status | Not for loan | Collection code | Home library | Current library | Date acquired | Total Checkouts | Full call number | Barcode | Date last seen | Price effective from | Koha item type |
|---|---|---|---|---|---|---|---|---|---|---|---|---|---|---|
| Dewey Decimal Classification | Others | St Aloysius Library | St Aloysius Library | 03/24/2013 | 612.68 CLAY | GF03556 | 11/27/2021 | 11/27/2021 | George Fernandes Collections |